| 000 | 00509cam a2200181ua 4500 | ||
|---|---|---|---|
| 020 | _cRs 10.0 | ||
| 041 |
_aeng _h |
||
| 082 |
_a631.3 _bDEV/DE |
||
| 100 | _aDevnani, R S . | ||
| 245 |
_aDesign considerations for harnesses and yokes for draught animals / _cR S Devnani. _hTextual Documents |
||
| 260 |
_aBhopal : _bCentre Institute of Agricultural Engineering , _c1981. |
||
| 300 | _a68 ; . | ||
| 365 | _aRs 10.0 | ||
| 500 | _aReference ** | ||
| 504 | _a | ||
| 942 | _cBK | ||
| 999 |
_c3847 _d3847 |
||